000 00689nam a2200205Ii 4500
003 JO-AjNU
008 230605s9999||||xx |||||||||||||| ||und||
040 _aJO-AjNU
_bara
_erda
_cJO-AjNU
041 _aara
050 1 4 _aRS164.S22 2005
100 3 _aصابر ، دلاور محمد,
_eauthor
_98424
245 0 0 _aالمعجزات الثلاث الشاي الاخضر الخميرة خل التفاح
250 _aط1
264 3 1 _aعمان:دار الاسراء للنشر والتوزيع ، 2005
300 _a84ص
336 _atext
_btxt
_2rdacontent
337 _aunmediated
_bn
_2rdamedia
338 _avolume
_bnc
_2rdacarrier
650 4 _aالتداوي بالاعشاب
_98425
999 _aA781
_c4349
_d4349